Statistiques concernant Intercommunalités de la Côte-d'Or

Cliquez ici pour prendre le quiz!

Statistiques générales

  • Ce quiz a été pris 14 fois
  • Le résultat moyen est 7 sur 19

Statistiques - réponses

Nombres de CommunesIntercommunalités% Correct
23Dijon Métropole
100%
53 (dont 5 dans la Saône-et-Loire)Communauté d'Agglomération Beaune, Côtes et Sud-Communauté-Beaune-Chagny-Nolay
83%
47Communauté de Communes de Pouilly-en-Auxois-Bligny-sur-Ouche
83%
23Communauté de Communes des Vallées de la Tille et de l'Ignon
83%
33Communauté de Communes du Montbardois
67%
76Communauté de Communes des Terres d'Auxois
58%
55Communauté de Communes de Gevrey-Chambertin et de Nuits-Saint-Georges
50%
35Communauté de Communes Auxonne Pontailler Val de Saône
42%
107Communauté de Communes du Pays Châtillonnais
42%
22Communauté de Communes de la Plaine Dijonnaise
25%
12Communauté de Communes de Saulieu
17%
24Communauté de Communes du Pays d'Alésia et de la Seine
17%
32Communauté de Communes Mirebellois et Fontenois
17%
32Communauté de Communes Ouche et Montagne
17%
38Communauté de Communes Rives de Saône
17%
34Communauté de Communes du Pays Arnay Liernais
8%
25Communauté de Communes Forêts, Seine et Suzon
8%
14Communauté de Communes Norge et Tille
8%
18Communauté de Communes Tille et Venelle
0%

Distribution des résultats

Percentile par nombre de réponses

% des personnes avec chaque résultat

Votre développement - résultats

Vous n’avez pas pris ce quiz